| 000 | 01211cam a2200337 a 4500 | ||
|---|---|---|---|
| 001 | 14948965 | ||
| 005 | 20080726130428.0 | ||
| 008 | 070801s2008 caua b 001 0 eng | ||
| 010 | _a 2007934279 | ||
| 015 |
_aGBA749525 _2bnb |
||
| 016 | 7 |
_a013778928 _2Uk |
|
| 020 | _a9781412903080 (hbk.) | ||
| 020 | _a9781412903097 (pbk.) | ||
| 035 | _a(OCoLC)ocn148306366 | ||
| 040 |
_aUKM _cUKM _dBAKER _dYDXCP _dBTCTA _dBWKUK _dCDX _dDLC |
||
| 042 | _alccopycat | ||
| 050 | 0 | 0 |
_aHM1121 _b.J47 2008 |
| 082 | 0 | 4 |
_a303.6 _222 _bJEO |
| 100 | 1 | _aJeong, Ho-Won. | |
| 245 | 1 | 0 |
_aUnderstanding conflict and conflict analysis / _cHo-Won Jeong. |
| 260 |
_aLos Angeles ; _aLondon : _bSAGE, _cc2008. |
||
| 300 |
_axi, 264 p. : _bill. ; _c25 cm. |
||
| 504 | _aIncludes bibliographical references and index. | ||
| 650 | 0 | _aSocial conflict. | |
| 650 | 0 | _aConflict management. | |
| 650 | 0 | _aConflict (Psychology) | |
| 942 |
_2ddc _cBB |
||
| 999 |
_c10860 _d10860 |
||